000 01530cam a2200373Ma 4500
002 92563
005 20230410143451.0
008 050919s2005 xxu b z001 0 eng d
035 _a(OCoLC)ocn238592924
040 _aGEBAY
_bger
_cGEBAY
_dOCLCQ
020 _a0816524432
020 _a9780816524433
035 _a(OCoLC)238592924
001 14aGN 560bM381t 2005
082 0 0 _a306.2/0972/49
049 _aGRAL
100 1 _aMartin, JoAnn,
_d1955-
245 1 0 _aTepoztlan and the transformation of the Mexican state :
_bthe politics of loose connections /
_cJoAnn Martin.
260 _aTucson :
_bUniversity of Arizona Press,
_c2005.
300 _axiv, 276 p. ;
_c24 cm.
504 _aIncludes bibliographical references and index.
650 0 _aEthnology
_zMexico
_zTepoztlan.
650 0 _aPolitical anthropology
_zMexico
_zTepoztlan.
650 0 _aLand reform
_zMexico
_zTepoztlan.
651 0 _aTepoztlan (Mexico)
_xPolitics and government
651 0 _aTepoztlan (Mexico)
_xHistory
650 4 _aAntropología política
_zMéxico.
653 _aTepoztlan (Mexico)
_xSocial life and customs
_aTepoztlan (Morelos)
_aKommunalpolitik
_aPolitische Beteiligung
_aAgrarreform
_aGeschichte 1980-2000
856 4 1 _3Table of contents
_uhttp://www.loc.gov/catdir/toc/ecip058/2005005385.html
856 4 1 _3Inhaltsverzeichnis
_uhttp://bvbr.bib-bvb.de:8991/F?func=service&doc_library=BVB01&doc_number=013356511&line_number=0001&func_code=DB_RECORDS&service_type=MEDIA
942 _2lcc
_cbk
994 _aC0
_bDRFGD
946 _aos
999 _c102254
_d102254